000 00649nam a2200193Ia 4500
001 11904
003 GE_BSU
008 181216s||||||||xx |||||||||||||| ||und||
040 _cGE_BSU
080 _a581.526(75)
100 _aСердюков,Б.В.
245 _aДекоративные травянистые растения дикорастущей флоры Кавказа
260 _aТбилиси
260 _bМецниереба
260 _c1972
300 _a210стр.22см.илл.
653 _aДекоративные травянистые растения дикорастущей флоры Кавказа
942 _cBK
999 _c45081
_d45081